|
|
|
|
| LEADER |
00000nam a22000007a 4500 |
| 005 |
20210924001548.0 |
| 007 |
cr|||| |||| |
| 008 |
210924s2020 es |||||s|||| 00||0 spa d |
| 020 |
|
|
|a 978-84-1381-057-7
|
| 035 |
|
|
|a 33667
|
| 040 |
|
|
|a vLex
|
| 090 |
|
|
|c 12420
|d 12420
|
| 100 |
1 |
|
|a Bustillo Saiz, M.® Del Mar
|
| 245 |
1 |
0 |
|a Proteccin̤ del secreto empresarial en la Directiva (UE) 2016/943 y en la Ley 1/2019
|h [Recurso electrn̤ico] /
|c M.® Del Mar Bustillo Saiz
|
| 256 |
|
|
|a Servicio en ln̕ea
|
| 260 |
|
|
|a Madrid:
|b Marcial Pons,
|c 2020
|
| 300 |
|
|
|a 1 recurso electrn̤ico
|
| 500 |
|
|
|a El secreto empresarial es un instrumento significativo de ventaja competitiva, pero sus titulares estǹ expuestos a prc̀ticas desleales. Las divergencias entre las normativas nacionales de los Estados miembros de la UE a la hora de protegerlo han exigido armonizar su rǧimen legal para posibilitar a empresas e innovadores, creadores o inventores desarrollar, explotar y compartir o transferir sus secretos empresariales en el mercado interior. La Ley 1/2019 de Secretos Empresariales transpone la Directiva (UE) 2016/943, reforzando y facilitando su tutela comparativamente con el marco jurd̕ico antes existente, que omiti ̤determinar la naturaleza de la informacin̤ protegida y delimitarla de los saberes, habilidades y experiencias de los trabajadores; tampoco trat ̤el rǧimen de las mercanca̕s infractoras, ni la conducta de quien utiliza secretos empresariales adquiridos de buena fe de terceros que los transmiten de forma ilc̕ita, o las circunstancias en las que es lc̕ita su obtencin̤ y comunicacin̤. Desde la perspectiva de la tutela jurisdiccional, falt ̤una configuracin̤ adecuada de las acciones de defensa, se limitaron los medios de preparacin̤ del ejercicio judicial de la accin̤ y no se regul ̤cm̤o preservar la confidencialidad de los secretos empresariales en los procedimientos promovidos para protegerlo. El presente trabajo explica y justifica el nuevo rǧimen jurd̕ico previsto para el secreto empresarial.
|
| 506 |
1 |
|
|a Disponible solo en los productos indicados
|d vLex Global
|d vLex Global (Academic Edition, excluding Law Schools)
|d vLex Global (U.S. Academic Edition, Law Schools)
|d vLex Global (U.S. Academic Edition, excluding Law Schools)
|d vLex Global (Academic Edition, Law Schools)
|
| 650 |
0 |
4 |
|a Propiedad Industrial
|z Espaą
|
| 650 |
0 |
4 |
|a Derecho Comunitario
|z Espaą
|
| 740 |
0 |
|
|a vLex Libros (Servicio en ln̕ea)
|
| 856 |
4 |
0 |
|u https://app.vlex.com/#/sources/33667
|z Acceso restringido
|
| 942 |
|
|
|c BOOK
|
| 999 |
0 |
|
|a Industrial Property
|
| 999 |
0 |
|
|a Community Law
|